| 000 | 01206nam a22002895i 4500 | ||
|---|---|---|---|
| 001 | 157334 | ||
| 003 | ES-MaACL | ||
| 005 | 20250814015826.0 | ||
| 008 | 950206s1886 sp |||| | spa d | ||
| 080 | _a58 | ||
| 100 | 1 |
_aLázaro e Ibiza, Blas, _d1858-1921 _970800 |
|
| 245 | 1 | 0 |
_aManual de botánica general / _cpor Blas Lázaro e Ybiza. |
| 260 |
_aMadrid : _bEst. Tip. Editorial de G. Estrada, _c1886. |
||
| 300 |
_a248 p. ; _c19 cm. |
||
| 490 | 1 | _aBiblioteca enciclopédica popular ilustrada. Sección 3ª. Conocimientos útiles | |
| 505 | 8 | _aContiene: Parte 1ª: Histología vegetal . Parte 2ª: Morfología vegetal . Parte 3ª: Fisiología vegetal | |
| 530 | _aDisponible en formato digital. | ||
| 650 | 7 |
_aBotánica _2embne _910610 |
|
| 650 | 4 |
_aHistología vegetal. _9142286 |
|
| 650 | 4 |
_aMorfología vegetal. _9157216 |
|
| 650 | 4 |
_aFisiología vegetal. _912891 |
|
| 700 | 1 |
_aEstrada, Gregorio. _9126979 |
|
| 830 | 1 |
_aBiblioteca enciclopédica popular ilustrada. Sección 3ª. Conocimientos útiles _9180990 |
|
| 852 | 4 |
_aES-MaACL _jF-13607 _z- Enc. hol. |
|
| 856 | 4 |
_uhttp://bdh-rd.bne.es/viewer.vm?id=0000041574&page=1 _zBiblioteca Digital Hispánica |
|
| 999 |
_c157334 _d157334 |
||